LEADER 02349nam 22004573a 450 001 9910346830103321 005 20250203232819.0 010 $a9783845236551 010 $a3845236558 035 $a(CKB)4340000000010767 035 $a(oapen)https://directory.doabooks.org/handle/20.500.12854/44542 035 $a(ScCtBLL)8974b219-baa8-4f44-bb67-6382c695fbba 035 $a(OCoLC)1139850828 035 $a(oapen)doab44542 035 $a(EXLCZ)994340000000010767 100 $a20250203i20122019 uu 101 0 $ager 135 $aurmn|---annan 181 $ctxt$2rdacontent 182 $cc$2rdamedia 183 $acr$2rdacarrier 200 00$aDarf der Staat seine Bürger erziehen? : $eVortrag gehalten am 9.11.2011 /$fUwe Volkmann 205 $a1 ed. 210 $cNomos Verlagsgesellschaft mbH & Co. KG$d2012 210 1$aBaden-Baden :$cNomos Verlagsgesellschaft mbH & Co. KG,$d2012. 215 $a1 online resource (1 p.) 225 1 $aWürzburger Vorträge zur Rechtsphilosophie, Rechtstheorie und Rechtssoziologie 311 08$a9783832973872 311 08$a3832973877 330 $a Seit einiger Zeit verstärkt sich der Eindruck, dass der Staat dazu übergeht, seine Bürger zur Tugend im Sinne einer bestimmten Form des guten Lebens hinzuführen; jedenfalls häufen sich Regelungen, die als bevormundend, moralisierend, paternalistisch oder eben auch erzieherisch empfunden werden. Aber geht den liberalen Staat die Tugend seiner Bürger überhaupt etwas an? Oder ist hier nicht vielmehr ein Bereich erreicht, in dem der Einzelne - und nur er - kraft seiner Freiheit selber zur Entscheidung berufen ist? Der Vortrag behandelt diese Fragen aus verfassungsrechtlicher, historischer und sozialphilosophischer Perspektive. Entscheidend für die Antwort, so zeigt sich, wird letztlich sein, wie wir uns den Staat vorstellen, in dem wir zusammen leben wollen.Der Autor ist Inhaber des Lehrstuhls für Rechtsphilosophie und Öffentliches Recht an der Johannes Gutenberg-Universität Mainz. 606 $aLaw / Reference$2bisacsh 606 $aLaw 615 7$aLaw / Reference 615 0$aLaw. 700 $aVolkmann$b Uwe$0239204 801 0$bScCtBLL 801 1$bScCtBLL 906 $aBOOK 912 $a9910346830103321 996 $aDarf der Staat seine Bürger erziehen$93040461 997 $aUNINA